[Event "Elit(Linkoping-Sollentuna)"]
[Site "?"]
[Date "2005.??.??"]
[Round "4"]
[White "Malesevic, Nedeljko"]
[Black "Lindberg, Bo"]
[Result "0-1"]
[WhiteElo "2335"]
[BlackElo "2471"]
[PlyCount "84"]
[EventDate "2005.??.??"]

1. d4 Nf6 2. c4 e6 3. Nf3 b6 4. g3 Bb7 5. Bg2 Bb4+ 6. Bd2 c5 7. O-O O-O 8. a3
Bxd2 9. Nbxd2 cxd4 10. Nxd4 Bxg2 11. Kxg2 d5 12. cxd5 Qxd5+ 13. N2f3 Nbd7 14.
Qb3 Qh5 15. Qb5 e5 16. Nc6 Rfe8 17. Rfd1 a6 18. Qb4 Re6 19. Rac1 e4 20. Nfd4
Nd5 21. Qc4 Rh6 22. h4 Re8 23. Nf5 Nf4+ 24. gxf4 Qg4+ 25. Ng3 Rxh4 26. Rh1 Rxh1
27. Rxh1 Qxf4 28. Qd5 Nf6 29. Qf5 Qd6 30. Nb4 a5 31. Nc2 Qd2 32. Ne3 Qxb2 33.
Qg5 Qxa3 34. Ngf5 Qf8 35. Nh6+ Kh8 36. Nef5 Re6 37. Rd1 Ne8 38. Rd8 Rg6 39.
Qxg6 hxg6 40. Nd6 gxh6 41. Rxe8 Qxe8 42. Nxe8 a4 0-1

[Event "Elit(Linkoping-Sollentuna)"]
[Site "?"]
[Date "2005.??.??"]
[Round "4"]
[White "Dzevlan, Miralem"]
[Black "Vujadinovic, Miron"]
[Result "1-0"]
[WhiteElo "2445"]
[BlackElo "2117"]
[PlyCount "75"]
[EventDate "2005.??.??"]

1. d4 Nf6 2. c4 e6 3. Nf3 d5 4. Nc3 c6 5. Qb3 Qb6 6. g3 Qxb3 7. axb3 Bb4 8. Bd2
Nbd7 9. Bg2 b6 10. O-O a5 11. Rfc1 Bb7 12. Na4 Bxd2 13. Nxd2 Ke7 14. c5 b5 15.
Nc3 e5 16. e3 b4 17. Nxd5+ Nxd5 18. Bxd5 cxd5 19. c6 Bxc6 20. Rxc6 e4 21. f3 f5
22. Kf2 Ra7 23. g4 Rf8 24. g5 g6 25. h4 Rfa8 26. h5 Ra6 27. Rc7 Kd6 28. Rac1
gxh5 29. R7c2 Rg8 30. f4 Rg6 31. Rh1 a4 32. bxa4 Rxa4 33. Rxh5 Nf8 34. Rh1 Kd7
35. Rhc1 Ne6 36. Rh1 Nf8 37. Nb3 Ra2 38. Nc1 1-0

[Event "Elit(Linkoping-Sollentuna)"]
[Site "?"]
[Date "2005.??.??"]
[Round "4"]
[White "Ericsson, Robert"]
[Black "Couso, Luis"]
[Result "1/2-1/2"]
[WhiteElo "2203"]
[BlackElo "2432"]
[PlyCount "73"]
[EventDate "2005.??.??"]

1. e4 c5 2. Nc3 e6 3. f4 Nc6 4. Nf3 a6 5. d4 cxd4 6. Nxd4 Qc7 7. Be3 b5 8. Qf3
Bb7 9. Bd3 Nf6 10. O-O h5 11. h3 Nxd4 12. Bxd4 Bc5 13. Qe3 Rc8 14. Bxc5 Qxc5
15. Qxc5 Rxc5 16. e5 Ng8 17. Ne4 Bxe4 18. Bxe4 Ne7 19. h4 f6 20. exf6 gxf6 21.
c3 Nf5 22. Bxf5 Rxf5 23. a4 Ke7 24. axb5 axb5 25. Rad1 Rg8 26. Rd3 Rg4 27. g3
e5 28. fxe5 Rxf1+ 29. Kxf1 fxe5 30. Rd5 Ke6 31. Rxb5 Rxg3 32. Rb6+ Kd5 33. Rh6
Rf3+ 34. Ke2 Rh3 35. Rxh5 Rh2+ 36. Ke3 Rxb2 37. c4+ 1/2-1/2

[Event "Elit(Linkoping-Sollentuna)"]
[Site "?"]
[Date "2005.??.??"]
[Round "4"]
[White "Ong, Kezli"]
[Black "Fransson, Jorgen"]
[Result "0-1"]
[WhiteElo "2397"]
[BlackElo "2070"]
[PlyCount "96"]
[EventDate "2005.??.??"]

1. e4 c5 2. Nf3 g6 3. d4 Bg7 4. dxc5 Qa5+ 5. c3 Qxc5 6. Be3 Qc7 7. Bd3 Nf6 8.
O-O O-O 9. Na3 Nc6 10. Qd2 d5 11. exd5 Nxd5 12. Bh6 Bg4 13. Bxg7 Kxg7 14. Be4
Nf6 15. Bxc6 Qxc6 16. Nd4 Qd5 17. h3 Bd7 18. c4 Qd6 19. Qc3 Rac8 20. Rad1 Qc7
21. Rfe1 Rfe8 22. Qb4 Qc5 23. Qxc5 Rxc5 24. b4 Rcc8 25. Re5 a6 26. Rde1 e6 27.
Nb3 Red8 28. Rd1 Ba4 29. Ree1 Kf8 30. Kf1 Ke7 31. g3 Nd7 32. Ke2 Ne5 33. Rxd8
Rxd8 34. Rb1 Bc6 35. f4 Nd3 36. Na5 Bg2 37. h4 Be4 38. Rd1 Nxb4 39. Re1 Rd7 40.
Ke3 Nc2+ 41. Nxc2 Bxc2 42. Re2 Rd3+ 43. Kf2 Ra3 44. Nxb7 Rxa2 45. Ke3 Ra3+ 46.
Kd4 Ba4 47. Re3 Rxe3 48. Kxe3 Bb3 0-1

[Event "Elit(Linkoping-Sollentuna)"]
[Site "?"]
[Date "2005.??.??"]
[Round "4"]
[White "Klashed, Martin"]
[Black "Eriksson, Jonas"]
[Result "1/2-1/2"]
[WhiteElo "2098"]
[BlackElo "2366"]
[PlyCount "139"]
[EventDate "2005.??.??"]

1. e4 c6 2. d4 d5 3. Nd2 dxe4 4. Nxe4 Nf6 5. Nxf6+ gxf6 6. Nf3 Bg4 7. Be2 e6 8.
Bf4 Bd6 9. Qd2 Qc7 10. Bxd6 Qxd6 11. O-O Nd7 12. h3 h5 13. Rfd1 Nb6 14. c4 Qc7
15. Qa5 Bxf3 16. Bxf3 Qf4 17. Rac1 Rg8 18. Kh1 Rg5 19. Qd2 Qxd2 20. Rxd2 O-O-O
21. b3 h4 22. Rcd1 Kc7 23. Kg1 a5 24. Kf1 a4 25. Re2 f5 26. Red2 Rgg8 27. Ke2
axb3 28. axb3 f6 29. Ke3 Rge8 30. Kf4 Rd7 31. g3 hxg3 32. fxg3 Red8 33. h4 Nc8
34. Ke3 Rg7 35. Kf2 Rdg8 36. Rg1 e5 37. dxe5 fxe5 38. Bd1 Nd6 39. Bc2 f4 40.
Re2 fxg3+ 41. Kg2 e4 42. Bxe4 Rg4 43. Bh7 R8g7 44. Kh3 Rf4 45. Bc2 Rgg4 46.
Rxg3 Rxh4+ 47. Kg2 Rh5 48. Rd2 Rf6 49. Rh3 Rxh3 50. Kxh3 Kb6 51. Kg2 Kc5 52.
Rf2 Rxf2+ 53. Kxf2 Kd4 54. Ke2 Kc3 55. Kd1 c5 56. Kc1 b6 57. Kb1 Nb7 58. Bd1
Na5 59. Ka2 Kd2 60. Bg4 Kc2 61. Ka3 Nxb3 62. Ka4 Nd4 63. Bh5 Kd3 64. Bf7 Ke4
65. Bg8 Ke5 66. Bf7 Kd6 67. Bg8 Kc7 68. Bf7 Nf5 69. Bg8 Nd6 70. Bd5 1/2-1/2

[Event "Elit(Linkoping-Sollentuna)"]
[Site "?"]
[Date "2005.??.??"]
[Round "4"]
[White "Andersson, Fredrik"]
[Black "Wickstrom, Lucas"]
[Result "0-1"]
[WhiteElo "2302"]
[BlackElo "2069"]
[PlyCount "78"]
[EventDate "2005.??.??"]

1. e4 c5 2. Nc3 Nc6 3. Bb5 Nd4 4. Bc4 e6 5. Nf3 Nf6 6. O-O d5 7. exd5 exd5 8.
Nxd4 dxc4 9. Nf3 Be7 10. Qe2 Bf5 11. Qxc4 Bxc2 12. Qb5+ Qd7 13. Re1 O-O-O 14.
Qxd7+ Kxd7 15. d4 Rhe8 16. Ne5+ Kc8 17. Nxf7 Rxd4 18. Nb5 Rd5 19. Bf4 Ne4 20.
Nxa7+ Kd7 21. Ne5+ Ke6 22. Nb5 Kf5 23. Nc7 Red8 24. Nxd5 Rxd5 25. Rac1 Kxf4 26.
Rxc2 Rxe5 27. f3 Nf6 28. Rce2 Rxe2 29. Rxe2 Nd5 30. Kf2 Bf6 31. g3+ Kf5 32. h4
Bd4+ 33. Kg2 b5 34. g4+ Kf6 35. Kg3 Nb4 36. b3 Nd5 37. f4 Nc3 38. Rc2 Nd1 39.
Kf3 Ne3 0-1

[Event "Elit(Linkoping-Sollentuna)"]
[Site "?"]
[Date "2005.??.??"]
[Round "4"]
[White "Rosberg, Simon"]
[Black "Jansson, Anders O"]
[Result "1-0"]
[WhiteElo "2060"]
[BlackElo "2230"]
[PlyCount "141"]
[EventDate "2005.??.??"]

1. e4 c5 2. Nf3 Nc6 3. Bb5 g6 4. O-O Bg7 5. Bxc6 dxc6 6. Nc3 e5 7. d3 b6 8. a4
a5 9. Be3 Ne7 10. Nd2 Be6 11. Kh1 Ra7 12. Qe2 O-O 13. Rae1 h6 14. f4 exf4 15.
Bxf4 Kh7 16. Nd1 Bc8 17. Nc4 Ba6 18. b3 Nc8 19. Qg4 b5 20. Ne5 Qe8 21. Nf3 c4
22. axb5 cxb5 23. Ne3 cxd3 24. cxd3 Ne7 25. Qh4 Bc8 26. Bd6 Kg8 27. Nd5 g5 28.
Qf2 Rd7 29. Nxe7+ Rxe7 30. Bxe7 Qxe7 31. Nd4 Qb4 32. Nf5 Bxf5 33. Qxf5 Qxb3 34.
Rb1 Qxd3 35. Qxb5 Qxb5 36. Rxb5 Bc3 37. Rc5 Bb4 38. Rc4 Re8 39. g3 Re7 40. Kg2
Rd7 41. Rf2 Kg7 42. Re2 Rd2 43. Rxd2 Bxd2 44. e5 Kg6 45. g4 Bf4 46. Rc6+ Kg7
47. Rc5 a4 48. Ra5 a3 49. Rxa3 Bxe5 50. Ra6 f6 51. h3 Kg6 52. Kf3 h5 53. Ke4
hxg4 54. hxg4 Bf4 55. Kd5 Be5 56. Ke6 Bd4 57. Ra8 Be5 58. Rg8+ Kh7 59. Kf7 Bg3
60. Rg7+ Kh6 61. Rg6+ Kh7 62. Rxf6 Bf4 63. Rb6 Bg3 64. Rb1 Bf2 65. Rh1+ Bh4 66.
Rxh4+ gxh4 67. g5 h3 68. g6+ Kh6 69. g7 Kg5 70. g8=Q+ Kh4 71. Qg1 1-0

[Event "Elit(Eksjo-Wasa)"]
[Site "?"]
[Date "2005.??.??"]
[Round "4"]
[White "Lyrberg, Patrik"]
[Black "Gdanski, Jacek"]
[Result "1/2-1/2"]
[WhiteElo "2577"]
[BlackElo "2609"]
[PlyCount "115"]
[EventDate "2005.??.??"]

1. d4 d5 2. c4 c6 3. Nf3 e6 4. e3 f5 5. Ne5 Nf6 6. Nc3 Bd6 7. f4 O-O 8. Be2 Ne4
9. O-O b6 10. Nxe4 fxe4 11. Bd2 Bb7 12. b4 Nd7 13. Rb1 Bxe5 14. fxe5 Rxf1+ 15.
Bxf1 Qg5 16. Be2 Nf8 17. Qe1 Ng6 18. a4 Rf8 19. c5 Bc8 20. Qg3 Qe7 21. Rc1 Bd7
22. Qe1 Nh4 23. Qg3 Nf5 24. Qh3 bxc5 25. Rxc5 Qg5 26. Rc2 c5 27. bxc5 Rb8 28.
Qg4 Rb1+ 29. Rc1 Rxc1+ 30. Bxc1 Qxg4 31. Bxg4 Bxa4 32. Kf2 Kf7 33. Bxf5 exf5
34. h4 Ke6 35. Bd2 Be8 36. Kg3 h6 37. Kf4 Bd7 38. Bb4 Kf7 39. c6 Bxc6 40. Kxf5
Bd7+ 41. Kf4 g6 42. g4 a6 43. g5 h5 44. e6+ Kxe6 45. Bc5 a5 46. Bb6 a4 47. Bc5
Bc8 48. Bf8 Ba6 49. Bc5 Bf1 50. Bf8 Bh3 51. Bc5 Bf5 52. Bf8 Kd7 53. Ke5 Kc6 54.
Be7 Bd7 55. Bc5 Bf5 56. Bf8 Bc8 57. Kf6 Bf5 58. Ke5 1/2-1/2

[Event "Elit(Eksjo-Wasa)"]
[Site "?"]
[Date "2005.??.??"]
[Round "4"]
[White "Vernersson, Per"]
[Black "von Bahr, Oskar"]
[Result "1-0"]
[WhiteElo "2516"]
[BlackElo "2382"]
[PlyCount "81"]
[EventDate "2005.??.??"]

1. d4 Nf6 2. c4 g6 3. Nc3 d5 4. Bf4 Bg7 5. e3 c5 6. dxc5 Qa5 7. Qb3 Bd7 8. Be5
dxc4 9. Qxc4 Na6 10. Nf3 Rc8 11. a3 Qxc5 12. Qxc5 Nxc5 13. b4 Na4 14. Nxa4 Bxa4
15. Bd3 O-O 16. Ke2 Nd5 17. Bxg7 Kxg7 18. Rhc1 Rfd8 19. Rxc8 Rxc8 20. Kd2 f6
21. Nd4 Bd7 22. Be4 e6 23. Bxd5 exd5 24. Rc1 Rxc1 25. Kxc1 Kf7 26. Kd2 Ke7 27.
Kc3 Kd6 28. Nb3 b6 29. Kd4 Ba4 30. Nc1 Bd7 31. Ne2 Be8 32. Nc3 Bc6 33. f4 Ke6
34. h3 Kd6 35. g3 Ke6 36. a4 Kd6 37. a5 h6 38. b5 Bb7 39. axb6 axb6 40. Na4 Bc8
41. Nxb6 1-0

[Event "Elit(Eksjo-Wasa)"]
[Site "?"]
[Date "2005.??.??"]
[Round "4"]
[White "Hellborg, Teodor"]
[Black "Miskulin, Dennis"]
[Result "1-0"]
[WhiteElo "2384"]
[BlackElo "2303"]
[PlyCount "43"]
[EventDate "2005.??.??"]

1. d4 Nf6 2. c4 g6 3. Nc3 Bg7 4. e4 d6 5. Be2 O-O 6. Nf3 e5 7. Be3 exd4 8. Nxd4
Re8 9. f3 c6 10. Bf2 d5 11. exd5 cxd5 12. c5 a6 13. O-O Nc6 14. Qd2 Nh5 15.
Rad1 Be5 16. g3 Nxd4 17. Bxd4 Nf6 18. Rfe1 Qc7 19. Bf1 Bf5 20. g4 Bd7 21. Rxe5
Rxe5 22. Qf4 1-0

[Event "Elit(Eksjo-Wasa)"]
[Site "?"]
[Date "2005.??.??"]
[Round "4"]
[White "Rothen, Hakan"]
[Black "Astrom, Goran"]
[Result "1/2-1/2"]
[WhiteElo "2375"]
[BlackElo "2327"]
[PlyCount "75"]
[EventDate "2005.??.??"]

1. d4 Nf6 2. Nf3 e6 3. Bg5 h6 4. Bxf6 Qxf6 5. e4 d6 6. e5 Qd8 7. Bd3 b6 8. Qe2
Bb7 9. Nbd2 Be7 10. h4 Nd7 11. O-O-O dxe5 12. Nxe5 O-O 13. f4 Nxe5 14. dxe5 Qd4
15. Be4 Bxe4 16. Nxe4 Qa4 17. Kb1 Rfd8 18. g4 Rxd1+ 19. Rxd1 Rd8 20. Rxd8+ Bxd8
21. g5 hxg5 22. hxg5 Qd4 23. a3 Be7 24. Qg2 Qd1+ 25. Ka2 Qd5+ 26. b3 b5 27. g6
a5 28. gxf7+ Kxf7 29. Qe2 c6 30. Kb2 Qd4+ 31. c3 Qd5 32. c4 Qd4+ 33. Ka2 Bxa3
34. cxb5 cxb5 35. Ng5+ Ke7 36. Qg2 Bc5 37. Ne4 Kf7 38. Ng5+ 1/2-1/2

[Event "Elit(Eksjo-Wasa)"]
[Site "?"]
[Date "2005.??.??"]
[Round "4"]
[White "Soderberg, Per"]
[Black "Thornert, Hakan"]
[Result "1-0"]
[WhiteElo "2210"]
[BlackElo "2303"]
[PlyCount "67"]
[EventDate "2005.??.??"]

1. e4 c5 2. Nf3 d6 3. Bb5+ Bd7 4. a4 Nf6 5. Qe2 Nc6 6. O-O Rc8 7. e5 Nxe5 8.
Nxe5 dxe5 9. Qxe5 e6 10. d3 Bc6 11. Bg5 Bd6 12. Bxf6 Bxe5 13. Bxd8 Kxd8 14. Nd2
Bxb2 15. Rab1 Bxb5 16. axb5 Be5 17. Nc4 Bb8 18. b6 axb6 19. Rxb6 Ke7 20. Rxb7+
Rc7 21. Rfb1 Rxb7 22. Rxb7+ Kf6 23. g3 g5 24. Nb6 Bd6 25. Nd7+ Kf5 26. Rb6 Be7
27. Rc6 Kg4 28. Kg2 Ra8 29. Nxc5 Ra5 30. Ne4 Re5 31. Rc7 f5 32. Rxe7 fxe4 33.
dxe4 Rc5 34. Rxh7 1-0

[Event "Elit(Eksjo-Wasa)"]
[Site "?"]
[Date "2005.??.??"]
[Round "4"]
[White "Andersson, Johan"]
[Black "Collett, Peter"]
[Result "1/2-1/2"]
[WhiteElo "2255"]
[BlackElo "2251"]
[PlyCount "60"]
[EventDate "2005.??.??"]

1. e4 e5 2. Nf3 Nc6 3. d4 exd4 4. Nxd4 Nf6 5. Nc3 Bb4 6. Nxc6 bxc6 7. Bd3 d5 8.
exd5 cxd5 9. O-O O-O 10. Bg5 c6 11. Qf3 Be7 12. Rfe1 Re8 13. h3 h6 14. Bf4 Be6
15. Ne2 c5 16. c3 Bd6 17. Ng3 Rb8 18. b3 Bxf4 19. Qxf4 Qa5 20. Qf3 Bd7 21.
Rxe8+ Rxe8 22. a3 Rb8 23. Bc2 Be6 24. Ne2 d4 25. cxd4 Qd2 26. Qf4 Qxf4 27. Nxf4
Bxb3 28. Bxb3 Rxb3 29. dxc5 Rc3 30. Rb1 g5 1/2-1/2

[Event "Elit(Eksjo-Wasa)"]
[Site "?"]
[Date "2005.??.??"]
[Round "4"]
[White "Nystrom, Ragnar"]
[Black "Krantz, Christopher"]
[Result "0-1"]
[WhiteElo "1962"]
[BlackElo "2109"]
[PlyCount "86"]
[EventDate "2005.??.??"]

1. d4 Nf6 2. c4 e6 3. Nf3 b6 4. g3 Bb7 5. Bg2 Bb4+ 6. Bd2 Bxd2+ 7. Nbxd2 c5 8.
O-O cxd4 9. Nxd4 Bxg2 10. Kxg2 a6 11. Qc2 Qc7 12. Rac1 Nc6 13. Nxc6 Qxc6+ 14.
Kg1 Rc8 15. Rfd1 O-O 16. Qd3 Rfd8 17. Nb3 d6 18. Qe3 h6 19. Nd4 Qb7 20. h3 Nd7
21. Kh2 Ne5 22. b3 Nd7 23. Nf3 Nf6 24. Rd4 Qc6 25. Rcd1 b5 26. Qd3 d5 27. cxd5
Rxd5 28. Rxd5 Nxd5 29. Nd4 Qc5 30. Kg2 Nb4 31. Qd2 Rd8 32. Qe3 Qd5+ 33. Kh2 e5
34. Nf5 Qxd1 35. Qxe5 f6 36. Qe6+ Kh7 37. Ne7 Qc2 38. Kg2 Re8 39. a3 Nc6 40.
Qxc6 Qxc6+ 41. Nxc6 Rxe2 42. Nb4 a5 43. Nc6 a4 0-1

[Event "Elit(Eksjo-Wasa)"]
[Site "?"]
[Date "2005.??.??"]
[Round "4"]
[White "Akvist, Hakan"]
[Black "Cleanthous, Demetris"]
[Result "1/2-1/2"]
[WhiteElo "2094"]
[BlackElo "1951"]
[PlyCount "152"]
[EventDate "2005.??.??"]

1. d4 d5 2. Nf3 Nf6 3. c4 e6 4. Nc3 Nbd7 5. Bg5 Be7 6. e3 c6 7. Bd3 h6 8. Bf4
Qa5 9. O-O Nh5 10. cxd5 Nxf4 11. exf4 cxd5 12. Re1 Kf8 13. Rc1 a6 14. Qc2 Nb6
15. Ne5 Bf6 16. Re3 Qb4 17. a3 Qd6 18. Ne2 h5 19. Qc7 Bxe5 20. fxe5 Qxc7 21.
Rxc7 Nd7 22. Rh3 g5 23. g4 h4 24. f4 gxf4 25. Nxf4 Ke8 26. Be2 Kd8 27. Rc2 Nb8
28. Nh5 Nc6 29. Rd2 Bd7 30. Rxh4 Ke7 31. Rh3 Rac8 32. Rf3 Na5 33. Kg2 Ba4 34.
Ng3 Nb3 35. Rdd3 Nc1 36. Rc3 Nxe2 37. Nxe2 Bd1 38. Rxc8 Rxc8 39. Rc3 Rg8 40.
Ng3 Rxg4 41. Rd3 Bc2 42. Rd2 Bh7 43. h3 Rh4 44. Nh1 Bf5 45. Nf2 Kd7 46. Kg3 Rh8
47. Ng4 Ke7 48. Rf2 Rg8 49. Rf4 a5 50. Rf3 a4 51. Rc3 Kd7 52. Kf4 Bxg4 53. hxg4
b6 54. Rh3 Rc8 55. Rh7 Ke7 56. g5 Rg8 57. Kg4 Kf8 58. Rh3 Kg7 59. Rc3 Kg6 60.
Rc6 Rb8 61. Rc3 b5 62. Rf3 Rb6 63. Rf6+ Kg7 64. Kh5 b4 65. g6 fxg6+ 66. Rxg6+
Kf7 67. Kh6 bxa3 68. bxa3 Rb3 69. Rg7+ Kf8 70. Ra7 Rxa3 71. Kg6 Rf3 72. Rxa4
Ke7 73. Ra7+ Ke8 74. Rh7 Rf4 75. Rb7 Rf1 76. Kg7 Rf4 1/2-1/2

[Event "Elit(Manhem-Limhamn)"]
[Site "?"]
[Date "2005.??.??"]
[Round "4"]
[White "Hector, Jonny"]
[Black "Olausson, Claes-Goran"]
[Result "0-1"]
[WhiteElo "2640"]
[BlackElo "2387"]
[PlyCount "50"]
[EventDate "2005.??.??"]

1. e4 e6 2. d4 d5 3. Nc3 dxe4 4. Nxe4 Be7 5. Nf3 Nd7 6. Bd3 Ngf6 7. c3 c5 8.
Be3 Nxe4 9. Bxe4 Qc7 10. Qe2 Nf6 11. Bc2 O-O 12. Ne5 Nd5 13. O-O-O Rb8 14. h4
b5 15. Bg5 Bd6 16. Nf3 c4 17. Bd2 f5 18. Ng5 b4 19. Nxe6 Qe7 20. Rde1 bxc3 21.
bxc3 Re8 22. Bxf5 Bf4 23. Kd1 Qa3 24. Bxh7+ Kh8 25. Bc2 Nxc3+ 0-1

[Event "Elit(Manhem-Limhamn)"]
[Site "?"]
[Date "2005.??.??"]
[Round "4"]
[White "Akesson, Joel"]
[Black "Brynell, Stellan"]
[Result "1/2-1/2"]
[WhiteElo "2392"]
[BlackElo "2623"]
[PlyCount "76"]
[EventDate "2005.??.??"]

1. d4 e6 2. c4 Nf6 3. Nf3 c5 4. d5 exd5 5. cxd5 d6 6. Nc3 g6 7. g3 Bg7 8. Bg2
O-O 9. O-O Re8 10. Bf4 Ne4 11. Nxe4 Rxe4 12. Nd2 Rb4 13. b3 Bxa1 14. Qxa1 Rxf4
15. gxf4 Nd7 16. Ne4 Qe7 17. Re1 b6 18. Qc3 Bb7 19. Qd2 Re8 20. f5 Nf6 21. Ng3
Qe5 22. fxg6 hxg6 23. Rd1 Kg7 24. Bf3 Bc8 25. Rc1 Bg4 26. Bg2 b5 27. e4 Nh5 28.
Nxh5+ Qxh5 29. Qf4 Bh3 30. Bxh3 Qxh3 31. f3 Re5 32. Rc2 Qh6 33. Qxh6+ Kxh6 34.
Kf2 f5 35. Ke3 Kg7 36. b4 c4 37. a4 a6 38. Ra2 fxe4 1/2-1/2

[Event "Elit(Manhem-Limhamn)"]
[Site "?"]
[Date "2005.??.??"]
[Round "4"]
[White "Johansson, Thomas"]
[Black "Kinnmark, Ove"]
[Result "1-0"]
[WhiteElo "2226"]
[BlackElo "2295"]
[PlyCount "67"]

1. e4 d5 2. exd5 Qxd5 3. Nc3 Qd6 4. d4 c6 5. Bg5 Nf6 6. Qd2 Bf5 7. Nf3 e6 8.
Ne5 Be7 9. f3 h6 10. Bf4 Qd8 11. g4 Bh7 12. O-O-O Nbd7 13. Bd3 Bxd3 14. Qxd3
Nb6 15. Ne4 Nxe4 16. fxe4 Bg5 17. Rhf1 O-O 18. Kb1 Rc8 19. Bxg5 Qxg5 20. Qg3
Qe7 21. h4 g6 22. Rf3 Nd7 23. Nc4 c5 24. d5 exd5 25. exd5 Rce8 26. Nd6 Qe2 27.
Rg1 Re5 28. Rd3 b5 29. Rdd1 Re3 30. Qf4 Kg7 31. Rdf1 f6 32. h5 g5 33. Nf5+ Kh7
34. Qxe3 1-0

[Event "Elit(Manhem-Limhamn)"]
[Site "?"]
[Date "2005.??.??"]
[Round "4"]
[White "Landgren, Philip"]
[Black "Nylen, Anders"]
[Result "1-0"]
[WhiteElo "2308"]
[BlackElo "2284"]
[PlyCount "69"]
[EventDate "2005.??.??"]

1. d4 Nf6 2. c4 g6 3. Nc3 d5 4. Bg5 Ne4 5. Bh4 Nxc3 6. bxc3 Bg7 7. cxd5 Qxd5 8.
e3 c5 9. Qf3 Qxf3 10. Nxf3 Nc6 11. Bd3 O-O 12. Ke2 cxd4 13. cxd4 Bf5 14. Bxf5
gxf5 15. Rab1 b6 16. Rhc1 Na5 17. Bxe7 Rfe8 18. Rc7 Nc6 19. Rxc6 Rxe7 20. g3
Rd8 21. Kd3 Rd5 22. a4 Ra5 23. Rc4 Rd7 24. Nd2 Bf6 25. Rb5 Rd5 26. Rxa5 Rxa5
27. Nb3 Ra6 28. Rc6 Be7 29. a5 Bb4 30. Kc4 b5+ 31. Kxb5 Rxc6 32. Kxc6 Kf8 33.
Kb7 Ke7 34. Kxa7 Kd7 35. Kb7 1-0

[Event "Elit(Manhem-Limhamn)"]
[Site "?"]
[Date "2005.??.??"]
[Round "4"]
[White "Mansson, Lars"]
[Black "Nithander, Victor"]
[Result "1/2-1/2"]
[WhiteElo "2216"]
[BlackElo "2317"]
[PlyCount "123"]
[EventDate "2005.??.??"]

1. e4 c5 2. Nf3 d6 3. Bb5+ Bd7 4. Bxd7+ Qxd7 5. O-O Nf6 6. e5 dxe5 7. Nxe5 Qd6
8. Nc4 Qd8 9. Nc3 e6 10. d4 cxd4 11. Nb5 a6 12. Nxd4 Be7 13. a4 Qc7 14. b3 O-O
15. Bb2 Nc6 16. Qf3 Rac8 17. Nxc6 Qxc6 18. Qg3 Qe4 19. Bxf6 Bxf6 20. Nd6 Qb4
21. Nxc8 Bxa1 22. Rxa1 Rxc8 23. Rd1 h6 24. h3 Qe7 25. Qd3 Qc7 26. c4 a5 27. Qd4
b6 28. Rd3 Kf8 29. Rd1 Qc5 30. Qd7 g6 31. Qb7 Rc7 32. Rd8+ Ke7 33. Qa8 Rd7 34.
Re8+ Kf6 35. Rd8 Rxd8 36. Qxd8+ Kg7 37. Qd7 e5 38. Qd8 Qb4 39. Qd1 Qc3 40. Kf1
h5 41. Kg1 e4 42. Qe2 Qc1+ 43. Kh2 f5 44. h4 Kf6 45. g3 Ke5 46. Kg2 Kd6 47. c5+
Qxc5 48. Qb2 Kc6 49. Qh8 Qd6 50. Qc8+ Kd5 51. Qc4+ Ke5 52. Qc3+ Ke6 53. Qc8+
Kf7 54. Qc4+ Ke7 55. Qc3 Kf7 56. Qc4+ Qe6 57. Qc7+ Ke8 58. Qb8+ Kf7 59. Qc7+
Kg8 60. Qd8+ Kg7 61. Qc7+ Kh6 62. Qf4+ 1/2-1/2

[Event "Elit(Manhem-Limhamn)"]
[Site "?"]
[Date "2005.??.??"]
[Round "4"]
[White "Moberg, Karl-Johan"]
[Black "Holst, Conny"]
[Result "0-1"]
[WhiteElo "2304"]
[BlackElo "2249"]
[PlyCount "88"]
[EventDate "2005.??.??"]

1. d4 Nf6 2. c4 c5 3. d5 e6 4. Nc3 exd5 5. cxd5 d6 6. Nf3 g6 7. Bf4 Bg7 8. Qa4+
Bd7 9. Qb3 Qc7 10. e4 O-O 11. Nd2 Nh5 12. Be3 Na6 13. Be2 Rab8 14. a4 Nb4 15.
Nc4 a6 16. O-O b5 17. axb5 Bxb5 18. Nxb5 axb5 19. Na3 Qd7 20. Bd2 Na6 21. Bxb5
Qe7 22. Qc4 Nc7 23. Bc3 Nf6 24. Rfe1 Ng4 25. h3 Ne5 26. Qe2 g5 27. Bd3 Kh8 28.
Nc2 f5 29. Ra7 f4 30. f3 Rf7 31. Rea1 h5 32. Ne1 Bf6 33. Bc2 g4 34. fxg4 hxg4
35. hxg4 Rg7 36. Nf3 Nxg4 37. Rxc7 Qxc7 38. Bxf6 Nxf6 39. e5 Nxd5 40. Kf2 c4
41. Rh1+ Kg8 42. Bf5 Qa7+ 43. Ke1 Qa1+ 44. Kf2 Qxh1 0-1

[Event "Elit(Manhem-Limhamn)"]
[Site "?"]
[Date "2005.??.??"]
[Round "4"]
[White "Dragicevic, Drazen"]
[Black "Sagit, Rauan"]
[Result "0-1"]
[WhiteElo "2279"]
[BlackElo "2348"]
[PlyCount "102"]
[EventDate "2005.??.??"]

1. e4 c5 2. Nf3 e6 3. d4 cxd4 4. Nxd4 a6 5. c4 Nf6 6. Nc3 Bb4 7. Bd3 Nc6 8. Nc2
Bxc3+ 9. bxc3 d5 10. exd5 exd5 11. O-O O-O 12. Ne3 d4 13. cxd4 Qxd4 14. Rb1 Rd8
15. Be2 Qe4 16. Bd2 Qg6 17. Bf3 Be6 18. Rxb7 Ne5 19. Rb2 Rac8 20. Bd5 Nxd5 21.
cxd5 Bxd5 22. Nxd5 Rxd5 23. Qe2 h6 24. Be3 Rc6 25. Bf4 Re6 26. Bxe5 Rexe5 27.
Qc2 Rg5 28. f4 Rgf5 29. h3 Qd6 30. Qc8+ Kh7 31. Qc2 g6 32. Qc1 Rd4 33. Rbf2 Qb6
34. Kh1 Qb7 35. Qc3 Qd5 36. Kh2 Qd6 37. Qc1 Rfd5 38. Kh1 Rd2 39. Qc4 R2d4 40.
Qc3 Rd3 41. Qc2 Rd1 42. Kg1 R1d4 43. Qc1 a5 44. Qe3 a4 45. Rf3 Rd2 46. R1f2
Rd1+ 47. Kh2 Rc5 48. Qe8 Qf6 49. Qxa4 Rcc1 50. Qb5 Rb1 51. Qe5 Qh4 0-1

[Event "Elit(Manhem-Limhamn)"]
[Site "?"]
[Date "2005.??.??"]
[Round "4"]
[White "Schneider, Lars-Ake"]
[Black "Penalver, Osmani"]
[Result "1-0"]
[WhiteElo "2359"]
[BlackElo "2227"]
[PlyCount "63"]
[EventDate "2005.??.??"]

1. e4 c5 2. Nf3 d6 3. d4 cxd4 4. Nxd4 Nf6 5. Nc3 a6 6. f4 e6 7. Bd3 Nc6 8. Nf3
d5 9. e5 Nd7 10. O-O Nc5 11. Kh1 Be7 12. a3 Qc7 13. Qe1 g6 14. Be3 b5 15. Qf2
Nd7 16. Ne2 Bb7 17. b4 Bd8 18. Ned4 Nxd4 19. Nxd4 O-O 20. Qg3 Re8 21. f5 exf5
22. Nxf5 Nxe5 23. Nh6+ Kg7 24. Nxf7 Nxf7 25. Bd4+ Kf8 26. Bxg6 Re7 27. Qh3 Ke8
28. Qxh7 Kd7 29. Rxf7 Rxf7 30. Qxf7+ Kc8 31. Qe6+ Kb8 32. Be5 1-0

[Event "Elit(Skara-Kamraterna)"]
[Site "?"]
[Date "2005.??.??"]
[Round "4"]
[White "Svenn, Gosta"]
[Black "Hillarp-Persson, Tiger"]
[Result "0-1"]
[WhiteElo "2406"]
[BlackElo "2591"]
[PlyCount "136"]
[EventDate "2005.??.??"]

1. e4 c5 2. Nf3 d6 3. Bb5+ Bd7 4. Bxd7+ Qxd7 5. c4 Nc6 6. Nc3 g6 7. d4 Bg7 8.
Be3 cxd4 9. Nxd4 Nf6 10. f3 O-O 11. O-O Rac8 12. b3 e6 13. Rc1 a6 14. a4 Rfd8
15. Qd2 d5 16. cxd5 exd5 17. Nxc6 bxc6 18. exd5 cxd5 19. Ne2 Qb7 20. b4 Nd7 21.
Rxc8 Rxc8 22. Rc1 Rxc1+ 23. Nxc1 Ne5 24. Bd4 Nc4 25. Qc3 Bxd4+ 26. Qxd4 Qxb4
27. Kf2 Qb2+ 28. Qxb2 Nxb2 29. a5 Nc4 30. Nb3 Kf8 31. Nc5 Ke7 32. Nxa6 Kd6 33.
Nb4 Nxa5 34. Ke3 Nb3 35. Nc2 Ke5 36. g3 h5 37. Kd3 Nc5+ 38. Ke3 Ne6 39. Kd3 g5
40. Ke3 f5 41. Nb4 Kd6 42. Kd3 f4 43. gxf4 Nxf4+ 44. Kd4 Ne6+ 45. Kd3 Ke5 46.
Ke3 d4+ 47. Ke2 Nf4+ 48. Kd2 Kd6 49. Na6 h4 50. Nb4 Kc5 51. Na6+ Kc4 52. Nc7
Nh3 53. Ne6 Kd5 54. Nc7+ Ke5 55. Ke2 Nf4+ 56. Kd2 Ne6 57. Nb5 Kf4 58. Ke2 d3+
59. Kf2 d2 60. Nc3 Nd4 61. Nd5+ Ke5 62. Nc3 Nb5 63. Nd1 Kf4 64. h3 Nd4 65. Ne3
Nxf3 66. Ng2+ Ke4 67. Ke2 d1=Q+ 68. Kxd1 Kd3 0-1

[Event "Elit(Skara-Kamraterna)"]
[Site "?"]
[Date "2005.??.??"]
[Round "4"]
[White "Gausel, Einar"]
[Black "Svensson, Bengt"]
[Result "1/2-1/2"]
[WhiteElo "2580"]
[BlackElo "2453"]
[PlyCount "154"]
[EventDate "2005.??.??"]

1. Nf3 d5 2. g3 Nf6 3. Bg2 c5 4. O-O Nc6 5. d3 Bg4 6. h3 Bh5 7. c4 e6 8. Nc3 d4
9. Na4 Be7 10. g4 Bg6 11. Nh4 Qc7 12. f4 Nd7 13. Nxg6 fxg6 14. e3 O-O 15. g5
Bd6 16. Qg4 Rae8 17. e4 Nb4 18. e5 Be7 19. Be4 Nc2 20. Rb1 Nxe5 21. Qe2 Ne3 22.
Bxe3 dxe3 23. fxe5 Qxe5 24. Qxe3 Bxg5 25. Qe2 b5 26. Nc3 b4 27. Na4 Qg3+ 28.
Qg2 Be3+ 29. Kh1 Qd6 30. Rf3 Bd4 31. Rbf1 Rf6 32. Qg4 Qd7 33. b3 Ref8 34. Bd5
Rf5 35. Be4 R5f6 36. Kg2 Qd6 37. h4 Qe5 38. Qg5 Qd6 39. Kh3 R8f7 40. Kg2 Rf8
41. Rxf6 gxf6 42. Qd2 f5 43. Bf3 Qe7 44. Kh3 Qf6 45. Qf4 Qe7 46. Re1 Kg7 47.
Re2 Rd8 48. Qd2 Qf6 49. Qe1 Rd6 50. Qg3 e5 51. Bd5 Rd8 52. Kg2 Rd7 53. Re1 Rd8
54. Rh1 h5 55. Re1 Kh6 56. Re2 Rf8 57. Kf3 Re8 58. Rg2 Kh7 59. Ke2 Re7 60. Qg5
Qd6 61. Bf3 Rg7 62. Bxh5 e4 63. dxe4 gxh5 64. Qxh5+ Kg8 65. Rxg7+ Kxg7 66. Qg5+
Kh8 67. exf5 Qh2+ 68. Kf3 Qf2+ 69. Ke4 Qe2+ 70. Kd5 Qe5+ 71. Kc6 Qe8+ 72. Kd6
Qb8+ 73. Kd7 Qb7+ 74. Ke8 Qc6+ 75. Kf7 Qd7+ 76. Qe7 Qxf5+ 77. Ke8 Qc8+ 1/2-1/2